[Event "Moscow Open 2009 B"]
[Site "www.moscowchessopen.ru"]
[Date "2009.02.05"]
[Round "6.110"]
[White "Obrezchikov, Mikhail"]
[Black "Manelyuk, Nikita"]
[Result "0-1"]
[WhiteElo "1983"]
[BlackElo "2162"]
[Annotator ""]
[Source ""]
[Remark ""]

1.d4 Nf6 2.c4 e6 3.Nc3 Bb4 4.Qc2 Nc6 5.Nf3 d6 6.Bg5 h6 7.Bxf6
Qxf6 8.e3 e5 9.d5 Bxc3+ 10.Qxc3 Ne7 11.Bd3 O-O 12.Nd2 Qg5 13.g3
Bg4 14.h3 Qh5 15.Be4 Bd7 16.g4 Qg5 17.Nf3 Qf6 18.Rg1 Ng6 19.g5
hxg5 20.Nxg5 c6 21.f4 cxd5 22.Bxd5 Bc6 23.O-O-O Bxd5 24.Rxd5
exf4 25.Qxf6 gxf6 26.Ne4 fxe3 27.Nxf6+ Kg7 28.Nh5+ Kh6 29.Ng3
Rfe8 30.Rh5+ Kg7 31.Nf5+ Kf6 32.Nxd6 Re5 33.Rh7 Re7 34.Rf1+ Ke6
35.Nb5 Rd8 36.Nc3 Rdd7 37.b3 0-1

[Event "Moscow Open 2009 B"]
[Site "www.moscowchessopen.ru"]
[Date "2009.02.05"]
[Round "6.111"]
[White "Zhuravlev, Dmitry"]
[Black "Murzin, Sergey"]
[Result "0-1"]
[WhiteElo "1975"]
[BlackElo "2160"]
[Annotator ""]
[Source ""]
[Remark ""]

1.d4 Nf6 2.Nf3 c5 3.d5 d6 4.c4 e5 5.Nc3 Be7 6.e4 O-O 7.g3 Nbd7
8.Bg2 a6 9.a4 Ne8 10.O-O g6 11.Bh6 Ng7 12.Qd2 Kh8 13.h3 Nf6 14.Kh2
Ng8 15.Be3 f5 16.Ng1 fxe4 17.Bxe4 Nf6 18.g4 Bd7 19.f4 exf4 20.Bxf4
b5 21.Bd3 bxc4 22.Bxc4 h5 23.gxh5 Nfxh5 24.Bh6 Bf5 25.Bd3 Bxd3
26.Qxd3 Rf5 27.Ne4 Rb8 28.b3 Bf6 29.Nxf6 Qxf6 30.Rxf5 Nxf5 31.Rf1
Qe5+ 0-1

[Event "Moscow Open 2009 B"]
[Site "www.moscowchessopen.ru"]
[Date "2009.02.05"]
[Round "6.112"]
[White "Popelyshev, Igor V"]
[Black "Pozdeev, Nikita"]
[Result "1-0"]
[WhiteElo "2159"]
[BlackElo "1988"]
[Annotator ""]
[Source ""]
[Remark ""]

1.e4 e6 2.Qe2 c5 3.g3 Nc6 4.c3 g6 5.Bg2 Bg7 6.f4 d6 7.Nf3 Nge7
8.O-O O-O 9.d3 b5 10.Be3 Rb8 11.e5 b4 12.exd6 Qxd6 13.Qf2 Qxd3
14.Bxc5 bxc3 15.Nxc3 Re8 16.Rfd1 Qc4 17.Rac1 Bxc3 18.b3 Qb5 19.Rxc3
Nd5 20.Rcc1 a5 21.Ng5 Nd8 22.Ne4 Nb7 23.Rxd5 exd5 24.Nf6+ Kg7
25.Nxe8+ Qxe8 26.Bd4+ Kg8 27.Be5 Ra8 28.Bxd5 Qb5 29.Qd4 Qe8 30.Rc7
Nd8 31.Bxa8 Ne6 32.Bc6 Qf8 33.Rxc8 Qxc8 34.Qd7 Qa6 35.Qe8+ Nf8
36.Bd6 Qb6+ 37.Kg2 1-0

[Event "Moscow Open 2009 B"]
[Site "www.moscowchessopen.ru"]
[Date "2009.02.05"]
[Round "6.113"]
[White "Khatnikov, Alexander"]
[Black "Bukhteeva, Viktoria"]
[Result "1/2-1/2"]
[WhiteElo "1958"]
[BlackElo "2154"]
[Annotator ""]
[Source ""]
[Remark ""]

1.c4 e5 2.Nc3 Nc6 3.Nf3 f5 4.g3 Nf6 5.Bg2 Bc5 6.O-O O-O 7.d3
d6 8.e3 Bb4 9.Bd2 Bxc3 10.Bxc3 Qe8 11.Nd2 Qg6 12.f4 Re8 13.Re1
a5 14.b3 Nb4 15.Nf1 e4 16.Bxb4 axb4 17.d4 c5 18.a3 bxa3 19.Qc1
b6 20.Rxa3 Bb7 21.d5 Nd7 22.Re2 Rxa3 23.Qxa3 Ra8 24.Qb2 Qh5 25.Re1
b5 26.Ra1 Rb8 27.Qc2 Nb6 28.Kf2 bxc4 29.bxc4 Qe8 30.Ra7 Qc8 31.Nd2
Ba6 32.Qa2 Bb7 33.Bh3 Qf8 34.Qa1 1/2-1/2

[Event "Moscow Open 2009 B"]
[Site "www.moscowchessopen.ru"]
[Date "2009.02.05"]
[Round "6.114"]
[White "Senkow, Alexandr"]
[Black "Borzov, Roman"]
[Result "1-0"]
[WhiteElo "2149"]
[BlackElo "1986"]
[Annotator ""]
[Source ""]
[Remark ""]

1.d4 d5 2.Nc3 c5 3.e4 dxe4 4.d5 Nf6 5.Bg5 Bf5 6.Nge2 Nbd7 7.Bxf6
Nxf6 8.Ng3 Bd7 9.Qd2 g6 10.Ncxe4 Nxe4 11.Nxe4 Qb6 12.c3 Bg7 13.Bc4
O-O 14.O-O Qc7 15.a4 a6 16.Qe3 b5 17.axb5 axb5 18.Qxc5 Qxc5 19.Nxc5
bxc4 20.Nxd7 Rfd8 21.Rxa8 Rxa8 22.Nb6 Ra5 23.Rd1 Rc5 24.Kf1 Rc7
25.Ra1 Bh6 26.Ke2 Rc5 27.Ra4 Bc1 28.Rb4 h5 29.g3 Kg7 30.Kd1 Bg5
31.Kc2 e6 32.dxe6 fxe6 33.Rxc4 Rb5 34.Rc6 Bd8 35.Nc4 Kf6 36.Kd3
Be7 37.b4 h4 38.gxh4 Rd5+ 39.Ke2 Bf8 40.Nb6 Re5+ 41.Kf3 Rf5+
42.Kg3 Bh6 43.Nd7+ Ke7 44.Nc5 Bf4+ 45.Kg2 Bd6 46.Ne4 Bf4 47.Ra6
Rd5 48.Ra7+ Kf8 49.f3 Be3 50.Rd7 Rh5 51.Kg3 Rb5 52.Rf7+ Kxf7
53.Nd6+ Ke7 54.Nxb5 Kd7 55.Nd4 Bd2 56.Ne2 e5 57.Kg4 1-0

[Event "Moscow Open 2009 B"]
[Site "www.moscowchessopen.ru"]
[Date "2009.02.05"]
[Round "6.115"]
[White "Rosanov, Lev I"]
[Black "Losev, Sergey"]
[Result "1-0"]
[WhiteElo "2129"]
[BlackElo "1985"]
[Annotator ""]
[Source ""]
[Remark ""]

1.e4 e6 2.d4 d5 3.Nc3 Bb4 4.exd5 exd5 5.Bd3 Nf6 6.Bg5 h6 7.Bh4
Be6 8.Nge2 c6 9.O-O O-O 10.Nf4 Re8 11.Re1 Bd7 12.Rxe8+ Bxe8 13.Qf3
Nbd7 14.Nh5 g5 15.Bg3 Nxh5 16.Qxh5 Bf8 17.Qg4 Nf6 18.Qf3 Bg7
19.Be5 Bd7 20.h3 Be6 21.Ne2 Nd7 22.Bxg7 Kxg7 23.Ng3 Qc7 24.Re1
Nf6 25.c3 Qf4 26.Qxf4 gxf4 27.Nf5+ Bxf5 28.Bxf5 Re8 29.Rxe8 Nxe8
30.Kf1 Kf6 31.Bd3 1-0

[Event "Moscow Open 2009 B"]
[Site "www.moscowchessopen.ru"]
[Date "2009.02.05"]
[Round "6.116"]
[White "Abdrakhmanov, Ramiss"]
[Black "Semenov, Viktor"]
[Result "0-1"]
[WhiteElo "1863"]
[BlackElo "2126"]
[Annotator ""]
[Source ""]
[Remark ""]

1.e4 d6 2.d4 Nf6 3.Nc3 g6 4.f4 Bg7 5.Nf3 c5 6.dxc5 Qa5 7.Bb5+
Bd7 8.Bxd7+ Nbxd7 9.O-O Qxc5+ 10.Kh1 O-O 11.Qe2 Rac8 12.Be3 Qc4
13.Qxc4 Rxc4 14.Nd2 Rc7 15.Bd4 e5 16.fxe5 dxe5 17.Bg1 b5 18.a3
a5 19.Nxb5 Rxc2 20.Be3 Ng4 21.Nc4 Rxc4 22.Bd2 Rxe4 23.Bxa5 Re2
24.Bb4 Rc8 25.Nd6 Rcc2 26.Rxf7 Ngf6 27.a4 Rxg2 28.a5 Rxh2+ 29.Kg1
Bh6 0-1

[Event "Moscow Open 2009 B"]
[Site "www.moscowchessopen.ru"]
[Date "2009.02.05"]
[Round "6.117"]
[White "Kanjaryan, Vladimir"]
[Black "Antonov, Alexandr"]
[Result "1-0"]
[WhiteElo "1877"]
[BlackElo "2121"]
[Annotator ""]
[Source ""]
[Remark ""]

1.e4 e6 2.d4 d5 3.Nc3 Bb4 4.exd5 exd5 5.Bd3 Nf6 6.Bg5 h6 7.Bh4
Be6 8.Nge2 c6 9.O-O O-O 10.Nf4 Re8 11.Re1 Bd7 12.Rxe8+ Bxe8 13.Qf3
Nbd7 14.Nh5 g5 15.Bg3 Nxh5 16.Qxh5 Bf8 17.Qg4 Nf6 18.Qf3 Bg7
19.Be5 Bd7 20.h3 Be6 21.Ne2 Nd7 22.Bxg7 Kxg7 23.Ng3 Qc7 24.Re1
Nf6 25.c3 Qf4 26.Qxf4 gxf4 27.Nf5+ Bxf5 28.Bxf5 Re8 29.Rxe8 Nxe8
30.Kf1 Kf6 31.Bd3 Kg5 32.Ke2 h5 33.Kf3 Nd6 34.h4+ Kf6 35.Kxf4
b6 36.b4 a5 37.a3 axb4 38.axb4 b5 39.f3 Nc8 40.g4 Nb6 41.Ke3
Kg7 42.g5 Na4 43.Kd2 Nb6 44.f4 Na4 45.f5 f6 46.Be2 Nb6 47.Bxh5
Nc4+ 48.Ke2 Nd6 49.Bg6 Ne4 50.Kd3 fxg5 51.hxg5 Kf8 52.f6 Nxg5
53.Ke3 Ne6 54.Kf3 Nc7 55.Kf4 Na8 56.Ke5 Nb6 57.Kd6 Na4 58.Kxc6
Nxc3 59.Kd6 Ne2 60.Kxd5 Nc3+ 61.Ke5 1-0

[Event "Moscow Open 2009 B"]
[Site "www.moscowchessopen.ru"]
[Date "2009.02.05"]
[Round "6.118"]
[White "Ramazashvili, Rainer"]
[Black "Tangatarov, Timur"]
[Result "0-1"]
[WhiteElo "1841"]
[BlackElo "2121"]
[Annotator ""]
[Source ""]
[Remark ""]

1.e4 c5 2.Nf3 d6 3.d4 cxd4 4.Nxd4 Nf6 5.Nc3 a6 6.Bg5 e6 7.f4
Nbd7 8.Qf3 Qc7 9.g4 b5 10.a3 Bb7 11.Bxf6 Nxf6 12.g5 Nd7 13.O-O-O
O-O-O 14.Bh3 Qb6 15.Rhe1 g6 16.Qe3 h6 17.Nf3 hxg5 18.Nxg5 Bh6
19.Kb1 Bxg5 20.fxg5 Qxe3 21.Rxe3 Ne5 22.b3 Rh4 23.Bf1 Rxh2 24.Bxb5
axb5 25.Nxb5 Bc6 26.Rc3 d5 27.exd5 Rxd5 0-1

[Event "Moscow Open 2009 B"]
[Site "www.moscowchessopen.ru"]
[Date "2009.02.05"]
[Round "6.119"]
[White "Gaboev, Batraz"]
[Black "Stoljarov, Dmitriy"]
[Result "0-1"]
[WhiteElo "2120"]
[BlackElo "1983"]
[Annotator ""]
[Source ""]
[Remark ""]

1.e4 c5 2.Nf3 d6 3.d4 cxd4 4.Nxd4 Nf6 5.Nc3 a6 6.h3 b5 7.a4 b4
8.Nd5 Nxd5 9.exd5 Bb7 10.Bc4 Qa5 11.Nf3 Nd7 12.Be3 Rc8 13.Qd3
Nf6 14.Rd1 g6 15.O-O Bg7 16.Bb3 O-O 17.Rfe1 Rfe8 18.Qd2 Ne4 19.Qe2
Bxb2 20.Bb6 Qxb6 21.Qxe4 a5 22.Qh4 Kg7 23.Qg4 Rc7 24.Nh4 Bc8
25.Qf4 Be5 26.Rxe5 dxe5 27.Qxe5+ f6 28.Qe2 Qd6 29.Nf3 Ba6 30.Qe4
e5 31.g4 Rc5 32.Nd2 Rd8 33.Nf1 Bxf1 34.Rxf1 Rf8 35.f4 exf4 36.Rxf4
Rc7 37.Kg2 Re7 38.Qf3 Rfe8 39.Bc4 Re3 40.Qf2 Rc3 41.Bd3 b3 42.g5
Qxd5+ 43.Kh2 Qc6 44.Qd4 0-1

[Event "Moscow Open 2009 B"]
[Site "www.moscowchessopen.ru"]
[Date "2009.02.05"]
[Round "6.121"]
[White "Buvaltsev, Andrey"]
[Black "Fedechkin, Vladimir"]
[Result "0-1"]
[WhiteElo "2110"]
[BlackElo "1976"]
[Annotator ""]
[Source ""]
[Remark ""]

1.d4 Nf6 2.c4 g6 3.Nc3 Bg7 4.e4 O-O 5.f4 d6 6.Nf3 c5 7.d5 a6
8.Bd3 b5 9.cxb5 axb5 10.Bxb5 Nxe4 11.Nxe4 Qa5+ 12.Nc3 Bxc3+ 13.bxc3
Qxb5 14.Kf2 Qc4 15.Qe2 Ba6 16.Qxc4 Bxc4 17.Re1 Re8 18.a4 Bxd5
19.Bd2 Nc6 20.Reb1 Na5 21.Be1 Nb3 22.Ra3 Bxf3 23.Rbxb3 Bd1 24.Rb7
Rxa4 25.Rxa4 Bxa4 26.Bd2 f6 27.g3 Kf7 28.Be3 Bc6 29.Rc7 Bd5 30.h4
Rb8 31.Ke2 Bc4+ 32.Kd1 Rb2 33.Bd2 Bd3 34.Ra7 Be4 35.Ke2 Rb1 36.Be1
Bf5 37.Ra2 Bg4+ 38.Kf2 Ke6 39.Rc2 Kf5 40.Ra2 h5 41.Ra7 Rb2+ 42.Kf1
Re2 43.Ra1 Ke4 44.c4 Kd3 45.Ba5 Kxc4 46.Bd8 Kb3 47.Ra7 0-1

[Event "Moscow Open 2009 B"]
[Site "www.moscowchessopen.ru"]
[Date "2009.02.05"]
[Round "6.122"]
[White "Dudkin, Maxim"]
[Black "Leonov, Dmitry"]
[Result "1-0"]
[WhiteElo "2104"]
[BlackElo "1892"]
[Annotator ""]
[Source ""]
[Remark ""]

1.e4 Nc6 2.Nf3 Nf6 3.d3 d5 4.exd5 Qxd5 5.Nc3 Qh5 6.Bf4 Qa5 7.g3
Bg4 8.Bg2 e5 9.Bd2 Bb4 10.h3 Bd7 11.a3 Bxc3 12.Bxc3 Qd5 13.O-O
Qd6 14.Nxe5 O-O 15.Nxc6 bxc6 16.Bxf6 Qxf6 17.d4 Rad8 18.b4 Be6
19.c3 Bd5 20.Re1 Qd6 21.Qe2 Be6 22.Qf3 Bd5 23.Qf4 Qxf4 24.gxf4
Rfe8 25.Re3 f6 26.Rae1 Kf7 27.Rxe8 Rxe8 28.Rxe8 Kxe8 29.Bxd5
cxd5 30.f5 g6 31.fxg6 hxg6 32.Kg2 Kf7 33.Kf3 g5 34.Kg4 Kg6 35.f4
c6 36.a4 Kh6 37.fxg5+ fxg5 38.h4 gxh4 39.Kxh4 Kg6 40.Kg4 Kf6
41.Kf4 Ke6 42.Kg5 Ke7 43.Kf5 Kf7 44.Ke5 Ke7 1-0

[Event "Moscow Open 2009 B"]
[Site "www.moscowchessopen.ru"]
[Date "2009.02.05"]
[Round "6.123"]
[White "Tappyrov, Maksim"]
[Black "Kvasov, Sergey"]
[Result "1-0"]
[WhiteElo "2101"]
[BlackElo "1850"]
[Annotator ""]
[Source ""]
[Remark ""]

1.e4 Nf6 2.e5 Nd5 3.c4 Nb6 4.d4 d6 5.exd6 cxd6 6.Nc3 g6 7.b3
Bg7 8.Nf3 Nc6 9.Be2 O-O 10.O-O Bg4 11.Be3 d5 12.c5 Nc8 13.h3
Bxf3 14.Bxf3 e6 15.Nb5 a6 16.Na3 N8e7 17.Nc2 Nf5 18.b4 Qf6 19.Rb1
Ncxd4 20.Nxd4 Nxd4 21.Be2 Nxe2+ 22.Qxe2 Qe5 23.Qd2 Qc3 24.Qe2
Qe5 25.Qd2 Qc7 26.Rfc1 d4 27.Bf4 e5 28.Bg3 Qc6 29.Qe2 Bh6 30.Re1
f6 31.Qc4+ Kh8 32.b5 axb5 33.Rxb5 Rxa2 34.Rb6 Qa4 35.Qd5 Ra1
36.Rxa1 Qxa1+ 1-0

[Event "Moscow Open 2009 B"]
[Site "www.moscowchessopen.ru"]
[Date "2009.02.05"]
[Round "6.124"]
[White "Jorov, Boris"]
[Black "Bissembayev, Baurzjan"]
[Result "1-0"]
[WhiteElo "2099"]
[BlackElo "1400"]
[Annotator ""]
[Source ""]
[Remark ""]

1.c4 c5 2.Nc3 Nf6 3.Nf3 e6 4.g3 Be7 5.Bg2 O-O 6.O-O Nc6 7.d4
cxd4 8.Nxd4 a6 9.e4 Qc7 10.Bg5 h6 11.Be3 Nxd4 12.Bxd4 e5 13.Be3
Qxc4 14.Rc1 Qb4 15.b3 d6 16.Na4 Rd8 17.Nb6 Rb8 18.Rc7 Bf8 19.Qc2
Be6 20.h3 Qb5 21.f4 Qe8 22.f5 Bd7 23.Nxd7 Rxd7 24.Rc1 Rxc7 25.Qxc7
b5 26.Rc6 a5 27.Bd2 a4 28.Bb4 axb3 29.axb3 Qd8 30.Qxd8 Rxd8 31.Rb6
Rc8 32.Rxb5 Rc2 33.Kf1 Rc1+ 34.Be1 Nh5 35.Ke2 Rc2+ 36.Kf3 g5
37.fxg6 fxg6 38.h4 Rc1 39.Bd2 Rc2 40.Rd5 Nf6 41.Rd3 Kf7 42.Ke2
g5 43.Rc3 Rxc3 44.Bxc3 gxh4 45.gxh4 Be7 46.Be1 Nh5 47.Bf3 Nf4+
48.Kd2 Ng6 49.h5 Bg5+ 50.Kc3 Nh4 51.Bh1 Ke6 52.Kc4 Kd7 53.Kd5
Kc7 54.b4 Kd7 55.b5 1-0

[Event "Moscow Open 2009 B"]
[Site "www.moscowchessopen.ru"]
[Date "2009.02.05"]
[Round "6.125"]
[White "Borisov, Evgenij"]
[Black "Gorshkov, Anatoly"]
[Result "1/2-1/2"]
[WhiteElo "1400"]
[BlackElo "2093"]
[Annotator ""]
[Source ""]
[Remark ""]

1.b3 Nf6 2.Bb2 d5 3.e3 c5 4.Nf3 Nc6 5.Bb5 a6 6.Bxc6+ bxc6 7.Ne5
Qc7 8.O-O g6 9.f4 Bg7 10.Nc3 O-O 11.Na4 c4 12.Bd4 Nd7 13.Nxd7
Bxd7 14.Bxg7 Kxg7 15.Nc5 Qd6 16.b4 a5 17.a3 Rfb8 18.c3 Be8 19.Qf3
f5 20.g4 e6 21.Qh3 Ra7 22.Qh4 Rba8 23.Rae1 axb4 24.axb4 Bf7 25.Rc1
Qc7 26.Qg3 Qe7 27.h4 Kh8 28.Kf2 Ra2 29.Ke2 R8a7 30.Rg1 Qf6 31.g5
Qe7 32.Rgd1 Ra8 33.Qe1 Qa7 1/2-1/2

[Event "Moscow Open 2009 B"]
[Site "www.moscowchessopen.ru"]
[Date "2009.02.05"]
[Round "6.126"]
[White "Andronov, Ilya"]
[Black "Burkov, Dmitriy"]
[Result "1-0"]
[WhiteElo "2091"]
[BlackElo "1400"]
[Annotator ""]
[Source ""]
[Remark ""]

1.e4 c5 2.Nf3 Nc6 3.d4 cxd4 4.Nxd4 Qc7 5.Nb5 Qb8 6.c4 a6 7.N5c3
d6 8.Nd5 a5 9.Be3 Nf6 10.Nb6 Ng4 11.Nxa8 Nxe3 12.fxe3 Qxa8 13.Nc3
g6 14.Nd5 Qb8 15.Be2 Bg7 16.Qd2 O-O 17.O-O Qa7 18.a3 a4 19.Rab1
Bd7 20.b4 axb3 21.Rxb3 Re8 22.Rb5 Kf8 23.Rfb1 Rb8 24.a4 Nd8 25.Ra5 1-0

[Event "Moscow Open 2009 B"]
[Site "www.moscowchessopen.ru"]
[Date "2009.02.05"]
[Round "6.127"]
[White "Konovalov, Viatcheslav"]
[Black "Galstyan, Hayk"]
[Result "1-0"]
[WhiteElo "2086"]
[BlackElo "1400"]
[Annotator ""]
[Source ""]
[Remark ""]

1.d4 Nf6 2.Nf3 g6 3.Nbd2 Bg7 4.e4 O-O 5.Bd3 d6 6.c3 c5 7.O-O
cxd4 8.cxd4 Nc6 9.Re1 e5 10.dxe5 dxe5 11.Nc4 Qe7 12.Bg5 h6 13.Bh4
Bg4 14.Ne3 g5 15.Bg3 Nd4 16.Nxg4 Nxf3+ 17.Qxf3 Nd7 18.Ne3 1-0

[Event "Moscow Open 2009 B"]
[Site "www.moscowchessopen.ru"]
[Date "2009.02.05"]
[Round "6.128"]
[White "Golovnin, Maxim"]
[Black "Chapygin, Sergey"]
[Result "1/2-1/2"]
[WhiteElo "1400"]
[BlackElo "2085"]
[Annotator ""]
[Source ""]
[Remark ""]

1.c3 e5 2.d4 e4 3.c4 f5 4.e3 Nf6 5.Nc3 Be7 6.Nge2 O-O 7.Qb3 c6
8.g3 Kh8 9.Nf4 Na6 10.Be2 d6 11.a3 Nc7 12.Qc2 Be6 13.b3 Bf7 14.Bb2
Rb8 15.Rc1 d5 16.cxd5 Ncxd5 17.Nfxd5 Bxd5 18.O-O Rc8 19.Na4 Bd6
20.b4 Qe8 21.Qd2 Qg6 22.b5 cxb5 23.Bxb5 Rxc1 24.Rxc1 f4 25.Qe1
Ng4 26.Rc2 Qh6 27.h4 fxg3 28.fxg3 Qxe3+ 29.Qxe3 Nxe3 30.Rf2 Rxf2
31.Kxf2 Nd1+ 32.Ke2 Nxb2 33.Nxb2 a6 34.Bc4 Bc6 35.g4 Bxa3 36.Nd1
b5 37.Be6 Be7 38.d5 Be8 39.Nf2 b4 40.Nxe4 Bb5+ 41.Kd2 Bc4 42.d6
Bxe6 43.dxe7 Bd7 44.Nd6 Kg8 45.Kd3 g6 46.Kc4 a5 47.g5 Kg7 48.Kb3 1/2-1/2

[Event "Moscow Open 2009 B"]
[Site "www.moscowchessopen.ru"]
[Date "2009.02.05"]
[Round "6.129"]
[White "Gorishniy, Yuri"]
[Black "Gorulev, Alexandr"]
[Result "1-0"]
[WhiteElo "2085"]
[BlackElo "1400"]
[Annotator ""]
[Source ""]
[Remark ""]

1.Nf3 Nf6 2.c4 c5 3.Nc3 e6 4.d4 cxd4 5.Nxd4 Bb4 6.Ndb5 Nc6 7.Nd6+
Ke7 8.Nxc8+ Rxc8 9.Bd2 a6 10.e3 Re8 11.a3 Bxc3 12.Bxc3 Kf8 13.Bd3
Qc7 14.O-O Ne5 15.Bb4+ Kg8 16.Bd6 Qxd6 17.Bxh7+ Kxh7 18.Qxd6
Nxc4 19.Qd3+ Kg8 20.b3 Ne5 21.Qd6 Ng6 22.Rac1 Rc6 23.Rxc6 bxc6
24.Qc7 Ne7 25.Qb7 Ned5 26.Qxa6 Ne4 27.Rc1 g5 28.f3 Nef6 29.e4
Nf4 30.g3 Ng6 31.b4 g4 32.fxg4 Nxg4 33.b5 cxb5 34.Rc8 Rxc8 35.Qxc8+
Kg7 36.Qxd7 1-0

[Event "Moscow Open 2009 B"]
[Site "www.moscowchessopen.ru"]
[Date "2009.02.05"]
[Round "6.131"]
[White "Rossal, Valeriy I"]
[Black "Nurullin, Eldar"]
[Result "1-0"]
[WhiteElo "2080"]
[BlackElo "1400"]
[Annotator ""]
[Source ""]
[Remark ""]

1.Nf3 c5 2.c4 b6 3.d4 e6 4.Nc3 Bb7 5.e4 cxd4 6.Nxd4 d6 7.Be3
Nf6 8.f3 Be7 9.Be2 O-O 10.O-O Nc6 11.Qd2 Nxd4 12.Bxd4 d5 13.cxd5
exd5 14.e5 Ne8 15.f4 Bc5 16.Rad1 Nc7 17.f5 Qe7 18.Rde1 Bxd4+
19.Qxd4 Qc5 20.Rf4 Rfe8 21.Bf3 Rad8 22.Kf2 Bc8 23.g4 g5 24.Qxc5
bxc5 25.Ra4 a6 26.Ra5 Rd7 27.Rxc5 Red8 28.Ne2 Bb7 29.a4 Na8 30.Nd4
Nb6 31.b3 Re8 32.a5 Nc8 33.Rec1 h6 34.Rc7 Rde7 35.f6 Rxe5 36.Rxb7
Nd6 37.Re7 R5xe7 38.fxe7 Rxe7 39.Bxd5 Ne4+ 40.Bxe4 Rxe4 41.Nf5
Rf4+ 42.Ke3 Rb4 43.Nd4 Rb8 44.Rc6 Re8+ 45.Kd3 1-0

[Event "Moscow Open 2009 B"]
[Site "www.moscowchessopen.ru"]
[Date "2009.02.05"]
[Round "6.132"]
[White "Khitrov, Denis"]
[Black "Kurnaev, Vladimir"]
[Result "1-0"]
[WhiteElo "1400"]
[BlackElo "2063"]
[Annotator ""]
[Source ""]
[Remark ""]

1.e4 e6 2.d4 d5 3.e5 c5 4.c3 Nc6 5.Nf3 Nge7 6.Bd3 Ng6 7.O-O Be7
8.a3 Bd7 9.b4 c4 10.Bc2 b5 11.a4 a6 12.Ne1 O-O 13.f4 Qb6 14.Kh1
Nxb4 15.cxb4 Bxb4 16.Nf3 Be7 17.Nc3 b4 18.Ne2 b3 19.Bxg6 fxg6
20.Bb2 Bb4 21.Qc1 Rab8 22.Qe3 Qd8 23.Nc3 Qe8 24.Ng1 Bxc3 25.Qxc3
Bxa4 26.Ne2 Rf7 27.Qh3 Bb5 28.Rf3 Ra8 29.Nc3 Bd7 30.Qh4 a5 31.Rh3
h6 32.Rf3 a4 33.Qg3 Rf5 34.Qf2 g5 35.fxg5 Rxg5 36.Ba3 Qg6 37.Rf1
Be8 38.Ne2 Rg4 39.h3 Qh5 40.Kg1 Re4 41.Ng3 Qg6 42.Nxe4 Qxe4 43.Re1
Qg6 44.Qd2 Rb8 45.Kh2 Qh5 46.Rf8+ Kh7 47.Ref1 b2 48.Bxb2 Rb3
49.R1f3 Bg6 1-0

[Event "Moscow Open 2009 B"]
[Site "www.moscowchessopen.ru"]
[Date "2009.02.05"]
[Round "6.133"]
[White "Glazkov, Arseny"]
[Black "Pugachevsky, Valerij"]
[Result "0-1"]
[WhiteElo "2055"]
[BlackElo "1400"]
[Annotator ""]
[Source ""]
[Remark ""]

1.e4 e5 2.Bc4 Nf6 3.d3 Nc6 4.Nf3 Be7 5.Nbd2 O-O 6.c3 d6 7.Bb3
Nd7 8.h3 Nc5 9.Bc2 f5 10.b4 fxe4 11.dxe4 Ne6 12.Bb3 Kh8 13.Nc4
Qe8 14.Qe2 Nf4 15.Bxf4 exf4 16.O-O Bf6 17.Rac1 Qg6 18.Kh2 Bd7
19.Rfe1 Rae8 20.Qd3 Qh5 21.Qd5 g5 22.Bd1 Be6 23.Qd3 g4 24.Ng1
Qh6 25.Rc2 b5 26.Nb2 Ne5 27.Qxb5 Bh4 0-1

[Event "Moscow Open 2009 B"]
[Site "www.moscowchessopen.ru"]
[Date "2009.02.05"]
[Round "6.134"]
[White "Schevnin, Leonid"]
[Black "Gvilava, Maya"]
[Result "1/2-1/2"]
[WhiteElo "1400"]
[BlackElo "2052"]
[Annotator ""]
[Source ""]
[Remark ""]

1.e4 c5 2.Nf3 Nc6 3.d4 cxd4 4.Nxd4 Nf6 5.Nc3 d6 6.Be2 e5 7.Nb3
Be7 8.Bg5 O-O 9.Qd2 a5 10.a4 Nb4 11.Rd1 Be6 12.Bxf6 Bxf6 13.O-O
Be7 14.Bb5 Qb6 15.Kh1 Rfd8 16.Nd5 Nxd5 17.exd5 Bg4 18.Rde1 Bf6
19.h3 Bh5 20.Re4 Bg6 21.Rc4 e4 22.c3 h6 23.Qe3 Qxe3 24.fxe3 Bg5
25.Re1 b6 26.Rc6 Rab8 27.Nd2 f6 28.Nc4 Be8 29.Rxd6 Bxb5 30.axb5
Rxd6 31.Nxd6 Rd8 32.Nxe4 Rxd5 33.c4 Rd3 34.Nxg5 hxg5 35.Re2 Kf7
36.Kg1 Ke6 37.Kf2 Kd6 38.Rc2 Ke5 39.Ke2 Rb3 40.Kd2 Kd6 41.Ke2
Ke5 42.Kf3 f5 43.c5 bxc5 44.Rxc5+ Kd6 45.g4 g6 46.Rc6+ Ke7 47.Rc7+
Kf6 48.Rc6+ Kg7 49.gxf5 gxf5 50.b6 Rxb2 51.Rc7+ Kg6 52.Ra7 Rxb6
53.Rxa5 1/2-1/2

[Event "Moscow Open 2009 B"]
[Site "www.moscowchessopen.ru"]
[Date "2009.02.05"]
[Round "6.135"]
[White "Galynin, Dmitri"]
[Black "Shmatko, Dmitry"]
[Result "0-1"]
[WhiteElo "2049"]
[BlackElo "1400"]
[Annotator ""]
[Source ""]
[Remark ""]

1.c4 e5 2.Nc3 Nf6 3.g3 d5 4.cxd5 Nxd5 5.Bg2 Nb6 6.d3 Be7 7.Nf3
Nc6 8.O-O O-O 9.Bd2 Be6 10.Rc1 f5 11.b3 a6 12.Nb1 Nd5 13.Rxc6
bxc6 14.Nxe5 Qd6 15.f4 Bf6 16.Nc4 Qd7 17.Qc1 Ne7 18.Bb4 Rfe8
19.Bxe7 Rxe7 20.Na5 Bd5 21.Nxc6 Rxe2 22.Rf2 Rxf2 23.Kxf2 Bxg2
24.Kxg2 Qxd3 25.Ne5 Bxe5 26.fxe5 Qe4+ 27.Kh3 Qxe5 28.Qc4+ Kf8
29.Nd2 Rd8 30.Nf3 Qd6 31.Kg2 c5 32.Kf2 h6 33.a4 Qd5 34.Qc2 g5
35.Qc3 Kf7 36.Ne5+ Ke6 37.Nc4 Qd4+ 38.Qxd4 Rxd4 39.Ke3 Rxc4 40.bxc4
Kd6 0-1

[Event "Moscow Open 2009 B"]
[Site "www.moscowchessopen.ru"]
[Date "2009.02.05"]
[Round "6.136"]
[White "Pshekhotskiy, Alexander"]
[Black "Kochetkov, Victor N"]
[Result "0-1"]
[WhiteElo "1400"]
[BlackElo "2048"]
[Annotator ""]
[Source ""]
[Remark ""]

1.d4 Nf6 2.c4 e6 3.Nf3 b6 4.g3 Bb7 5.Bg2 Be7 6.O-O d6 7.Nc3 Nbd7
8.Re1 Ne4 9.Qc2 Nxc3 10.bxc3 Nf6 11.e4 h6 12.h4 O-O 13.Bf4 h5
14.Be3 0-1

[Event "Moscow Open 2009 B"]
[Site "www.moscowchessopen.ru"]
[Date "2009.02.05"]
[Round "6.137"]
[White "Savin, Boris"]
[Black "Tekuchev, Robert"]
[Result "1-0"]
[WhiteElo "2189"]
[BlackElo "1971"]
[Annotator ""]
[Source ""]
[Remark ""]

1.d4 d5 2.c4 e6 3.Nf3 Nf6 4.e3 c5 5.cxd5 Nxd5 6.Nc3 cxd4 7.Nxd5
Qxd5 8.Qxd4 Qxd4 9.Nxd4 a6 10.Be2 e5 11.Nf3 f6 12.e4 Be6 13.O-O
Bc5 14.a3 Nc6 15.Bd2 Ke7 16.Bc3 Rhd8 17.Rac1 Bb6 18.g3 Nd4 19.Nxd4
Bxd4 20.Bb4+ Ke8 21.Rc2 Rac8 22.Rfc1 Rxc2 23.Rxc2 Kd7 24.Kg2
Rc8 25.Rd2 Rc1 26.Bc3 Kc6 27.Bxd4 exd4 28.Rxd4 Rc2 29.Bf3 Kc5
30.Rd8 Rxb2 31.Rh8 g5 32.g4 b5 33.Rxh7 a5 34.Rh6 b4 35.axb4+
axb4 36.e5 Bc4 37.Rxf6 Bb5 38.Rf5 Bd3 1-0

[Event "Moscow Open 2009 B"]
[Site "www.moscowchessopen.ru"]
[Date "2009.02.05"]
[Round "6.138"]
[White "Kuzanov, Artem"]
[Black "Sangadzhiev, German"]
[Result "1-0"]
[WhiteElo "1969"]
[BlackElo "2180"]
[Annotator ""]
[Source ""]
[Remark ""]

1.e4 e5 2.Nf3 Nc6 3.Nc3 Nf6 4.d4 exd4 5.Nxd4 Bb4 6.Nxc6 bxc6
7.Bd3 d5 8.exd5 cxd5 9.O-O O-O 10.Bg5 c6 11.Qf3 Be7 12.h3 Rb8
13.b3 Re8 14.Ne2 h6 15.Bf4 Bd6 16.Ng3 Rb7 17.Rad1 Bxf4 18.Qxf4
Rbe7 19.Qd2 Qd6 20.c4 d4 21.Bf5 Qa3 22.Qxd4 Qxa2 23.Ra1 Qxb3
24.Rfb1 c5 25.Qxc5 Qc3 26.Bxc8 Re5 27.Qc6 h5 28.Rc1 Qb4 1-0

[Event "Moscow Open 2009 B"]
[Site "www.moscowchessopen.ru"]
[Date "2009.02.05"]
[Round "6.139"]
[White "Voronkov, Denis"]
[Black "Natacheev, Peter"]
[Result "0-1"]
[WhiteElo "1960"]
[BlackElo "2179"]
[Annotator ""]
[Source ""]
[Remark ""]

1.d4 g6 2.Nf3 Bg7 3.c4 d6 4.Nc3 Nd7 5.Bg5 c5 6.e3 h6 7.Bh4 f5
8.Bd3 cxd4 9.Nxd4 Nc5 10.Bc2 Nf6 11.b4 Ne6 12.Ba4+ Kf7 13.Bxf6
Bxf6 14.Qd2 a5 15.b5 Nxd4 16.exd4 Qb6 17.Rd1 Be6 18.Nd5 Bxd5
19.cxd5 Rac8 20.Qd3 Qc7 21.O-O Qc4 22.Bb3 Qb4 23.Qe2 Rc7 24.Bc2
h5 25.Bb1 Kg7 26.Qd3 Rc3 27.Qe2 Rhc8 28.h3 Qc4 29.Qe6 h4 30.b6
Qb5 31.Rfe1 Qxb6 32.Re3 Rc1 33.Ree1 Rxd1 34.Rxd1 Rc4 35.Qe3 Qb2
36.g4 hxg3 37.Qxg3 Rxd4 38.Rf1 Rxd5 39.Kh1 Qe5 40.Qg2 Rd4 41.Qxb7
Qd5+ 42.Qxd5 Rxd5 0-1

[Event "Moscow Open 2009 B"]
[Site "www.moscowchessopen.ru"]
[Date "2009.02.05"]
[Round "6.140"]
[White "Staroselsky, Vladimir"]
[Black "Leonov, Vladislav"]
[Result "0-1"]
[WhiteElo "1957"]
[BlackElo "2176"]
[Annotator ""]
[Source ""]
[Remark ""]

1.d4 c5 2.d5 Nf6 3.c4 g6 4.Nc3 Bg7 5.g3 O-O 6.Bg2 d6 7.e4 e6
8.Nge2 exd5 9.exd5 Re8 10.O-O Nbd7 11.Bf4 Ne5 12.b3 Nh5 13.Bxe5
Rxe5 14.Rc1 Bd7 15.Qd2 Qe7 16.Kh1 Re8 17.Ng1 Qf8 18.Rce1 Bh6
19.Qd1 Bg7 20.Rxe5 Bxe5 21.Ne4 Bf5 22.Ng5 Qh6 23.N5h3 Nf6 24.Qc1
Qxc1 25.Rxc1 Bd4 26.Bf3 h6 27.Kg2 g5 28.Be2 Bxh3+ 29.Kxh3 Bxf2
30.Bf3 h5 31.g4 Re3 32.Kg2 Bxg1 33.Rxg1 hxg4 34.Bd1 Rd3 35.a3
Rd2+ 36.Kh1 Ne4 37.Bxg4 Nf2+ 38.Kg2 Nxg4+ 0-1